| 000 | 00482nam a22001337a 4500 | ||
|---|---|---|---|
| 082 |
_a340 _bKHA |
||
| 100 | _aKhan, Mir Sarfaraz & Ahmed, Muzaffar | ||
| 245 |
_aReforms in Criminal Justice System of Pakistan (Trial Delays and Prolonged Detention) / _cMir Sarfaraz Khan & Muzaffar Ahmed |
||
| 260 |
_aIslamabad : _bNUST Law School, _c2025. |
||
| 300 |
_a33 p. ; _c30 CM. |
||
| 563 | _aHBK. | ||
| 856 | _uhttp://10.250.8.41:8080/xmlui/handle/123456789/56174 | ||
| 942 |
_2ddc _cPR |
||
| 999 |
_c615629 _d615629 |
||